00666nam a2200181Ia 4500952015500000999001700155003000400172005001700176008004100193020001800234040000900252082002200261100002800283245006600311260004800377300000900425942005000434 00102ddc40708SOCIAL SCIENCEaMESbMEScSOCIAL SCIENCEd2019-02-20g375.00l0o305.800954 BHA/Mp32036r2019-02-20 00:00:00w2019-02-20yBKzGL41R3 c21180d21180OSt20200615133152.0190216s9999||||xx |||||||||||||| ||und|| a9780195692983 coclc a305.800954bBHA/M aBhargava, Rajeev 92910 0aMulticulturalism, Liberalism And Democracy /cRajeev Bhargava bOxford University Press,aNew Delhi:c2007. a433p cBK2ddch305.800954iBHA/Mk305.800954mBHA/M